Score 0/30 Timer 08:00
14 Plays Today
% Correct
Black Swan
96.9%
Groundhog Day
94.8%
Jaws
94.2%
Ghost
90.8%
Big
88.6%
Mad Max: Fury Road
86.8%
Bad Boys
78.7%
American Sniper
78.2%
Casablanca
77.8%
Spartacus
72.9%
Heathers
51%
Zero Dark Thirty
49.2%
Pitch Black
47.7%
Ransom
45.1%
Guess Who's Coming to Dinner
43%
% Correct
Finding Forrester
35.8%
Say Anything...
32.8%
U.S. Marshals
25.6%
Law Abiding Citizen
25.2%
Carlito's Way
22.7%
Secondhand Lions
21.1%
Dolores Claiborne
13.3%
Kung Fu Hustle
9.5%
La Haine
8.6%
Robot & Frank
7.8%
The Messenger
7.8%
Breach
5.6%
Throne of Blood
5.5%
Fearless
3.5%
I Origins
2.5%
Remove Ads.
Support Sporcle.
Get the best of Sporcle when you Go Orange. This ad-free experience offers more features, more stats, and more fun while also helping to support Sporcle. Thank you for becoming a member.

You're not logged in!

Compare scores with friends on all Sporcle quizzes.
OR
Log In

Show Comments

Extras

Top Quizzes Today


Score Distribution

Your Account Isn't Verified!

In order to create a playlist on Sporcle, you need to verify the email address you used during registration. Go to your Sporcle Settings to finish the process.

Report this User

Report this user for behavior that violates our Community Guidelines.

Details: